[Event "Bhopal GM Open 2019"]
[Site "Bhopal"]
[Date "2019.12.21"]
[Round "1.1"]
[White "Yakubboev, Nodirbek"]
[Black "Kshitij Kadam"]
[Result "1-0"]
[WhiteElo "2592"]
[BlackElo "1599"]
[Annotator "TA"]
[PlyCount "55"]
[EventDate "2019.12.21"]
[EventType "swiss"]
[EventCountry "IND"]
[SourceTitle "playchess.com"]
[Source "ChessBase"]
[SourceQuality "1"]

{[%evp 13,55,33,43,37,47,18,27,22,45,39,68,66,68,65,71,60,90,62,69,66,87,97,95,41,254,264,262,153,165,155,458,458,447,432,477,465,611,608,610,631,605,577,759,700]} 1. e4 d6 2. d4 Nf6 3. f3 e5 4. dxe5 dxe5 5. Qxd8+ Kxd8 6. Bc4 Ke8 7. Be3 Nbd7 8. a4 {B07: Pirc Defence: Miscellaneous Systems} (8. Nh3 Bc5 9. Bxc5 Nxc5 10. Nf2 Ke7 11. Nd2 a5 12. Nb3 Ncd7 13. a4 Ne8 14. Ng4 Nd6 15. Be2 f6 {½-½ (30) Ponizil,C (2494)-Laznicka,V (2664) Czech Republic 2019}) 8... Bc5 9. Bxc5 $146 ({Predecessor:} 9. Kf2 Ke7 10. a5 Bxe3+ 11. Kxe3 Nc5 12. b4 Be6 13. Na3 Ncd7 14. Ne2 Rhd8 15. Bxe6 Kxe6 {1-0 (51) Del Monaco,A (2218)-Fattorelli,L (2107) Venice 2004}) 9... Nxc5 10. b4 {White has an edge.} Be6 11. Nd2 Bxc4 12. Nxc4 Ncd7 13. Ne2 Ke7 14. Nc3 a6 15. O-O-O Rhd8 16. Kb2 Ne8 17. Nd5+ Kf8 18. Rd3 (18. a5 $16) 18... c5 $2 {[#]} (18... b5 $14 19. Nce3 bxa4) 19. Rhd1 $1 $18 b5 20. axb5 (20. Ndb6 $18 Nxb6 21. Nxb6 Rxd3 22. Rxd3 (22. cxd3 Rd8 $16)) 20... axb5 $16 {[#]} 21. Ndb6 $1 $36 {[%mdl 2048] White is in control.} bxc4 $2 (21... Nxb6 $16 22. Nxb6 Rxd3 23. cxd3 Rd8) 22. Rxd7 $18 {White is clearly winning.} Rxd7 23. Rxd7 $16 {KRN-KRN} ({Less strong is} 23. Nxd7+ Ke7 $18) 23... Rb8 24. bxc5 Nf6 25. Ra7 Re8 26. Kc3 Re7 27. Ra8+ Ne8 28. Nd5 {Accuracy: White = 54%, Black = 26%.} 1-0

[Event "Bhopal GM Open 2019"]
[Site "Bhopal"]
[Date "2019.12.21"]
[Round "1.2"]
[White "Jagdish, Narang"]
[Black "Bogdanovich, Stanislav"]
[Result "0-1"]
[WhiteElo "1596"]
[BlackElo "2562"]
[Annotator "TA"]
[PlyCount "28"]
[EventDate "2019.12.21"]
[EventType "swiss"]
[EventCountry "IND"]
[SourceTitle "playchess.com"]
[Source "ChessBase"]
[SourceQuality "1"]

{[%evp 16,66,17,-72,-80,-72,-75,-270,-270,-280,-275,-254,-252,-279,-262,-283,-238,-239,-242,-269,-270,-271,-254,-350,-350,-444,-447,-595,-566,-589,-591,-634,-579,-579,-519,-703,-453,-636,-645,-723,-724,-723,-723,-716,-714,-866,-866,-862,-862,-849,-849,-848,-845]} 1. e4 e5 2. Nf3 Nc6 3. Bb5 a6 4. Ba4 Nf6 5. O-O Be7 6. Re1 b5 7. Bb3 O-O 8. d4 d6 9. h3 (9. c3 $11 {remains equal.}) 9... Nxd4 $17 {C88: Closed Ruy Lopez: Anti-Marshall Systems} (9... Bb7) 10. Nxd4 exd4 11. Qxd4 $2 {[#]} (11. c3 $17) 11... c5 $1 $19 {[%cal Rc5d4] Black has a decisive advantage.} 12. Qc3 c4 13. Bxc4 bxc4 14. Qxc4 Be6 {Played: d6-d5} 0-1

[Event "Bhopal GM Open 2019"]
[Site "Bhopal"]
[Date "2019.12.21"]
[Round "1.3"]
[White "Tukhaev, Adam"]
[Black "Arul Anandh S P K"]
[Result "1-0"]
[WhiteElo "2552"]
[BlackElo "1582"]
[Annotator "TA"]
[PlyCount "97"]
[EventDate "2019.12.21"]
[EventType "swiss"]
[EventCountry "IND"]
[SourceTitle "playchess.com"]
[Source "ChessBase"]
[SourceQuality "1"]

{[%evp 15,97,11,25,-14,40,35,48,41,64,63,148,111,93,93,131,125,144,128,118,121,136,137,151,160,160,143,169,169,170,160,160,153,175,175,175,179,184,163,174,181,198,198,227,227,229,229,229,227,222,222,226,233,233,233,236,235,258,258,254,181,430,423,530,554,1027,1018,993,985,1264,1311,1329,1336,1576,1550,1545,1482,2078,2038,2575,2243,29988,29988,29988,29989]} 1. e4 c5 2. Nf3 e6 3. d4 cxd4 4. Nxd4 a6 5. Be2 Qc7 6. O-O Nf6 7. Nc3 Be7 8. f4 d6 9. g4 {B84: Sicilian Scheveningen: 6 Be2 a6, lines without early Be3} (9. Kh1 O-O 10. Be3 Nc6 11. Qe1 Nxd4 12. Bxd4 b5 13. Qg3 Bb7 14. a3 Rad8 15. Bd3 Rfe8 16. Rae1 Qd7 17. Nd1 Nh5 18. Qg4 e5 19. Qxh5 exd4 20. Nf2 g6 21. Qh6 Bf8 22. Qh4 Be7 {1-0 (63) Kravtsiv,M (2672)-Fedorchuk,S (2648) Riadh 2017}) 9... Nc6 (9... h6 $11) 10. g5 $14 Nd7 $1 11. Be3 {White is slightly better.} Nxd4 12. Qxd4 e5 $146 (12... O-O $14) ({Predecessor:} 12... O-O 13. f5 Re8 14. fxe6 fxe6 15. Bh5 g6 16. Nd5 Qc5 17. Qa4 Qc6 18. Qxc6 bxc6 19. Nc7 Bb7 20. Bg4 Nf8 21. Nxa8 Bxa8 {1-0 (52) Antoniewski,R (2446)-Kebis,M (2063) Tatranske Zruby 2001}) 13. Qd2 exf4 14. Nd5 Qd8 15. Bxf4 Ne5 16. Nxe7 Qxe7 17. Rfd1 Be6 18. Qxd6 Qxd6 19. Rxd6 Nc6 20. c3 Ke7 21. Rad1 Rhd8 22. Rxd8 Rxd8 23. Rxd8 Kxd8 $18 {[%mdl 4096] Endgame KBB-KBN} 24. b3 a5 25. Kf2 a4 26. Bd1 axb3 27. axb3 Na5 28. c4 Kd7 29. Bd2 Nc6 30. Bc3 g6 31. Ke3 Kd6 32. Bg7 Kc5 33. Bf8+ Kb6 34. Bd6 Ka5 35. Be2 b6 36. h4 Bd7 37. h5 Nb4 $2 {[#]} (37... Nd8 38. b4+ Ka6) 38. Kd4 Na2 39. h6 Be6 40. Ke5 Nc3 41. Bf3 Nb1 42. Kf6 Nd2 43. Bg2 Nxb3 44. Kg7 Bxc4 45. Kxh7 Nd4 46. Kg7 Ne6+ 47. Kf6 b5 48. h7 b4 49. h8=Q {Accuracy: White = 82%, Black = 24%.} 1-0

[Event "Bhopal GM Open 2019"]
[Site "Bhopal"]
[Date "2019.12.21"]
[Round "1.4"]
[White "Khamele Ojas"]
[Black "Rios, Cristhian Camilo"]
[Result "0-1"]
[WhiteElo "1582"]
[BlackElo "2505"]
[Annotator "TA"]
[PlyCount "91"]
[EventDate "2019.12.21"]
[EventType "swiss"]
[EventCountry "IND"]
[SourceTitle "playchess.com"]
[Source "ChessBase"]
[SourceQuality "1"]

{[%evp 9,91,-8,-10,-33,-31,-18,126,30,22,0,8,-12,-4,-24,-25,-27,-25,-33,0,0,0,-43,-44,-161,-171,-212,-206,-207,-143,-136,-143,-142,-137,-165,-161,-170,-160,-177,-130,-117,-120,-127,-132,-129,-128,-131,-122,-122,-113,-158,-162,-207,-202,-316,-316,-305,-310,-308,-295,-314,-312,-352,-339,-340,-340,-300,-224,-210,-193,-29973,-29974,-29974,-29975,-29975,-29976,-29976,-29977,-29976,-29976,-29985,-29986,-29987,-29988,-29994]} 1. Nf3 d5 2. c4 d4 3. b4 Bg4 4. Ne5 Bf5 5. e3 Nf6 6. Bb2 $146 {A09: Réti Opening: 1 Nf3 d5 2 c4} (6. Be2 {seems wilder.} dxe3 7. fxe3 e6 8. O-O Nbd7 9. Nxd7 Nxd7 10. c5) ({Predecessor:} 6. g4 Be4 7. f3 Bg6 8. Bb2 dxe3 9. dxe3 Nbd7 10. Nxg6 hxg6 11. Nc3 e6 {0-1 (38) Gareyev,T (2557)-Xiong,J (2663) Saint Louis 2019}) 6... dxe3 $1 7. fxe3 g6 (7... e6 $11) 8. Be2 (8. g4 $16 Be4 9. Rg1) 8... Bg7 $11 9. O-O O-O 10. Nc3 Nbd7 11. Nb5 Ne4 12. Nxd7 {[#] Bxg7 is the strong threat.} Bxb2 13. Rb1 $1 Qxd7 (13... Bg7 {is more complex.} 14. Nxf8 Nxd2 15. Rxf5 gxf5 16. Nxc7 Nxb1 17. Nxa8 Nd2) 14. Rxb2 e5 15. Bf3 c6 $36 {[%mdl 2048] Black has the initiative.} 16. d3 (16. Na3 $15 Rfd8 17. Nb1) 16... Ng5 $19 (16... cxb5 17. dxe4 Be6 18. Qxd7 $11) 17. Na3 Nxf3+ ({Much less strong is} 17... Qxd3 18. Qxd3 Bxd3 19. Rd1) 18. gxf3 Qxd3 19. Qxd3 Bxd3 20. Rd1 e4 21. fxe4 Bxe4 22. Rd7 a5 23. b5 cxb5 24. Nxb5 Bc6 25. Rd4 Rae8 26. Kf2 Re5 27. Nd6 Kg7 28. Rb6 Rb8 29. Rd2 Rd8 30. Ke2 Rd7 31. Rxc6 (31. h4 {was forced.}) 31... bxc6 32. Ne8+ Rxe8 33. Rxd7 {[%mdl 4096] Endgame KR-KR} Re4 34. Kd3 Rh4 35. Rd6 Rxh2 36. Rxc6 Rxa2 37. c5 Ra1 38. Kd2 h5 {And now ...h4 would win.} 39. Rc8 $2 (39. Rb6 $19 h4 40. Rb2) 39... h4 {Black mates.} 40. c6 h3 41. c7 {[#]} h2 $1 ({And not} 41... Ra2+ 42. Kd3 $11) 42. Rg8+ Kxg8 ({Wrong is} 42... Kf6 $2 43. Rh8 $18) 43. c8=Q+ Kh7 44. Qf8 Rf1 45. Qa3 h1=Q 46. Qe7 {Accuracy: White = 37%, Black = 75%.} 0-1

[Event "Bhopal GM Open 2019"]
[Site "Bhopal"]
[Date "2019.12.21"]
[Round "1.5"]
[White "Venkatesh, M.R."]
[Black "Patil Ketan Anil"]
[Result "1-0"]
[WhiteElo "2491"]
[BlackElo "1582"]
[Annotator "TA"]
[PlyCount "63"]
[EventDate "2019.12.21"]
[EventType "swiss"]
[EventCountry "IND"]
[SourceTitle "playchess.com"]
[Source "ChessBase"]
[SourceQuality "1"]

{[%evp 15,63,1,14,12,19,-7,0,-102,-97,-102,-41,-41,-15,-33,23,22,62,67,60,41,43,47,63,26,139,155,147,122,139,128,127,129,198,153,183,196,395,391,385,395,385,381,371,370,389,387,514,375,374,361]} 1. Nf3 c5 2. g3 d5 3. Bg2 Nc6 4. d3 e6 5. O-O Bd6 6. e4 Nge7 7. Re1 O-O 8. Nbd2 Bd7 9. c3 {A08: King's Indian Attack} Rc8 (9... Qc7 10. Qe2 f6 11. Nb3 Rad8 12. exd5 Nxd5 13. d4 b6 14. c4 Nde7 15. dxc5 bxc5 16. Be3 Na5 17. Nxa5 Qxa5 18. Rad1 Bc8 19. Nd2 Nf5 20. Nb3 Qxa2 21. Nxc5 Nxe3 22. Qxe3 Qxc4 23. Nxe6 Bxe6 {½-½ (23) Rasik,V (2452)-Svoboda,S (2453) Olomouc 2016}) 10. Nf1 d4 11. c4 $146 (11. e5 $11 {remains equal.} Bc7 12. N1d2) ({Predecessor:} 11. h4 e5 12. N1h2 h6 13. h5 Kh8 14. Nh4 Qc7 15. Bf3 f6 16. Bg4 Rf7 {1-0 (60) Koziol,P (1807)-Krzyzanowski,A (1863) Warsaw 2009}) 11... e5 $17 12. Nh4 Ng6 (12... a6 $17) 13. Nf5 $15 Bb8 14. h4 Nce7 ({Black should play} 14... Nge7 $15) 15. h5 $11 Nxf5 16. exf5 Ne7 17. g4 Nc6 18. Ng3 f6 19. Ne4 Nb4 (19... b6 $11) 20. a3 $16 Na6 21. Bd2 Kh8 22. b4 {[#] And now b5 would win.} b5 23. Qb3 Qb6 (23... bxc4 $16 {was called for.} 24. dxc4 (24. Qxc4 Qb6 $11) 24... Qe7) 24. Reb1 bxc4 25. dxc4 Rfd8 $2 (25... Bc6 26. b5 Bxe4) 26. b5 $18 Nc7 27. Qa4 a6 {[%cal Ra6b5]} 28. Ba5 axb5 {[#] Hoping for ...Qa6.} 29. Bxb6 bxa4 30. Nd6 Kg8 31. Ba5 Ne8 32. Nxc8 {Accuracy: White = 60%, Black = 45%.} 1-0

[Event "Bhopal GM Open 2019"]
[Site "Bhopal"]
[Date "2019.12.21"]
[Round "1.6"]
[White "UMER S.M"]
[Black "Nigmatov, Ortik"]
[Result "0-1"]
[WhiteElo "1581"]
[BlackElo "2474"]
[Annotator "TA"]
[PlyCount "84"]
[EventDate "2019.12.21"]
[EventType "swiss"]
[EventCountry "IND"]
[SourceTitle "playchess.com"]
[Source "ChessBase"]
[SourceQuality "1"]

{[%evp 15,84,18,28,18,33,35,58,59,57,55,60,55,72,62,122,83,84,87,110,40,36,25,27,0,49,55,81,24,29,-2,0,0,0,0,9,14,10,-72,-54,-49,61,52,71,68,75,81,60,81,102,39,66,0,0,0,44,-76,80,-43,-50,-76,-75,-69,-68,-58,-57,-43,-43,-224,-112,-1461,-1006]} 1. d4 Nf6 2. Nf3 g6 3. g3 Bg7 4. Bg2 O-O 5. O-O d6 6. c4 Nc6 7. d5 Na5 8. Na3 c5 $1 9. Re1 {E60: King's Indian: Unusual lines and Fianchetto Variation without Nc3} a6 10. e4 Bg4 11. h3 {White is slightly better.} Bxf3 12. Qxf3 Nd7 13. Qe2 $146 ({Predecessor:} 13. Qd1 b5 14. cxb5 axb5 15. Nxb5 Qb8 16. a4 c4 {1-0 (72) Esipenko,A (2523)-Savitskiy,S (2428) Sochi 2017}) 13... Rb8 14. Rb1 e5 (14... e6 $14) 15. b3 f5 16. exf5 gxf5 17. Bb2 (17. Bd2 $16) 17... Qg5 18. Bc3 b6 19. Qd2 f4 20. h4 Qf6 21. Be4 ({White should play} 21. Qc2 $16) 21... Bh6 $11 {White must now prevent ...fxg3.} 22. Qc2 Qg7 23. Kh2 Nf6 24. Bf5 {Threatens to win with g4!} Ng4+ 25. Bxg4 $1 Qxg4 26. Rg1 (26. Re4 $11) 26... Kh8 27. Rbe1 $1 f3 (27... fxg3+ $15 28. fxg3 Bf4) 28. Re4 $14 Bf4 {[%cal Rg4h4]} 29. Rh1 Qh5 30. Bd2 $1 Bxd2 31. Qxd2 Rg8 32. Rhe1 (32. Qd3 $16) 32... Rbf8 33. Nc2 (33. Qc3 $14) 33... Nb7 $1 $11 {[%cal Ba5b7,Bb7d8,Bd8f7,Bf7h6,Bh6f5,Bf5d4,Bd4f3][%mdl 32]} 34. Qc3 Rg7 35. Kh3 (35. Qd3 $14 {keeps the upper hand.}) 35... Qg6 $2 (35... Nd8 $1 $17 {stays on course.} 36. Kh2 Nf7) 36. Qe3 (36. Qd3 $16) 36... Nd8 $1 $15 37. Rg1 {[#]} Nf7 $1 {aiming for ...Qh5.} 38. Ne1 Nh6 39. g4 $1 {[#]} Nf5 $1 $36 {[%mdl 2624] Pin. Black has the initiative.} 40. Qxf3 {[%mdl 64] Ng2 is the strong threat. Pin} (40. gxf5 Qxg1) 40... Rgf7 {Hoping for ...Nxh4!} 41. Qg2 $2 {[#]} (41. Qd3 $1 $15) 41... Nd4 ({Better is} 41... Nxh4 $1 $19 {[%mdl 512]} 42. Kxh4 Rxf2) 42. f3 $2 {[%mdl 8192]} (42. h5 $17 Qg5 43. Rf1) 42... Nxf3 {Accuracy: White = 32%, Black = 47%.} 0-1

[Event "Bhopal GM Open 2019"]
[Site "Bhopal"]
[Date "2019.12.21"]
[Round "1.7"]
[White "Taher, Yoseph Theolifus"]
[Black "Patel Suyogkumar M"]
[Result "1-0"]
[WhiteElo "2469"]
[BlackElo "1577"]
[Annotator "TA"]
[PlyCount "27"]
[EventDate "2019.12.21"]
[EventType "swiss"]
[EventCountry "IND"]
[SourceTitle "playchess.com"]
[Source "ChessBase"]
[SourceQuality "1"]

{[%evp 9,42,47,89,94,135,141,150,128,243,225,200,214,208,185,824,888,871,681,837,674,29992,29993,29993,29994,29994,29995,29995,29986,29996,29997,29997,29998,29998,29999,29999]} 1. e4 g6 2. d4 Bg7 3. Nc3 d6 4. Be3 Nd7 5. h4 (5. Nf3 a6 6. Bc4 e6 7. a4 Ne7 8. a5 O-O 9. Qd2 Nf6 10. Bd3 Ng4 11. Bg5 h6 12. Bh4 g5 13. h3 Ne5 14. dxe5 gxh4 15. exd6 cxd6 16. Nxh4 {1-0 (49) Hovhannisyan,R (2637)-Saric,I (2695) St Petersburg 2018}) 5... e5 6. h5 {B06: Modern Defence} h6 $146 ({Predecessor:} 6... f5 7. exf5 gxf5 8. h6 Bf6 9. Qh5+ Kf8 10. Qxf5 Ne7 11. Qf3 Ng6 12. Ne4 {1-0 (12) Inkiov,V (2470)-Alanic,M (2000) Plancoet 2001}) 7. hxg6 fxg6 8. Nf3 {White is clearly better.} b6 (8... Ngf6 $16) 9. dxe5 $18 Nxe5 10. Nxe5 Bxe5 11. Qd5 $40 {[%mdl 128] White goes for the king.} Bd7 $2 (11... Rb8 12. Qb3 (12. Bc4 Qf6 $16) (12. Bb5+ Kf8 $16) 12... Bg7) 12. Bc4 {[%csl Gc4][%cal Rd5f7]} Qc8 13. Qf7+ {[%mdl 64] Double Attack} Kd8 {[#]} 14. Bg5+ {Played: Rh1xh6} 1-0

[Event "Bhopal GM Open 2019"]
[Site "Bhopal"]
[Date "2019.12.21"]
[Round "1.8"]
[White "Negi Augustiya"]
[Black "Lugovskoy, Maxim"]
[Result "0-1"]
[WhiteElo "1575"]
[BlackElo "2466"]
[Annotator "TA"]
[PlyCount "42"]
[EventDate "2019.12.21"]
[EventType "swiss"]
[EventCountry "IND"]
[SourceTitle "playchess.com"]
[Source "ChessBase"]
[SourceQuality "1"]

{[%evp 9,42,18,15,16,34,32,35,27,35,20,29,12,39,30,24,27,36,29,29,33,33,0,0,-95,0,-261,-260,-290,-284,-282,-222,-1306,-1315,-1222,-1175]} 1. d4 d5 2. Nf3 e6 3. c4 a6 4. Nc3 Nf6 5. cxd5 exd5 6. Bf4 {D37: Queen's Gambit Declined: 5 Bf4} c6 7. e3 Bd6 8. Bxd6 {White is slightly better.} Qxd6 9. Bd3 Nbd7 {[%cal Bb8d7,Bd7f8,Bf8g6,Bg6h4,Bh4g2][%mdl 32]} 10. O-O O-O 11. Qc2 Re8 12. Rab1 Nf8 13. b4 Ng6 14. h3 Qe7 {[#]} 15. Nd2 $146 ({Predecessor:} 15. a4 Ne4 16. b5 axb5 17. axb5 Ng5 18. Nxg5 Qxg5 19. f4 Qf6 20. f5 Nh4 21. Nd1 Qg5 22. bxc6 bxc6 23. Kh2 g6 24. fxg6 hxg6 {½-½ (70) Le,Q (2715)-Grachev,B (2680) Khanty-Mansiysk 2011}) 15... Nh4 16. a4 (16. Ne2 $11) 16... Nh5 ({Black should play} 16... Qd7 $17 {...Nxg2! is the strong threat.} 17. Qd1 Nxg2 $1 {[%mdl 512]}) 17. Kh2 $4 {[%mdl 8192]} ({Avoid the trap} 17. Bxh7+ $2 Kh8 $19) (17. Kh1 $1 $11 {and White is okay.}) 17... Qd6+ $19 18. Kh1 {[#]} Nxg2 $1 {[%mdl 576] Remove Defender} 19. Kxg2 Bxh3+ $1 20. Kxh3 $2 {[#]} (20. Kf3 Qf6+ 21. Ke2) 20... Rxe3+ $3 {[%mdl 512]} 21. Kg2 (21. fxe3 Qg3#) 21... Nf4+ {[%mdl 64] Double Attack. Accuracy: White = 44%, Black = 62%.} 0-1

[Event "Bhopal GM Open 2019"]
[Site "Bhopal"]
[Date "2019.12.21"]
[Round "1.9"]
[White "Mirzoev, Azer"]
[Black "Chidvilash Sai Surapaneni"]
[Result "1-0"]
[WhiteElo "2457"]
[BlackElo "1570"]
[Annotator "TA"]
[PlyCount "65"]
[EventDate "2019.12.21"]
[EventType "swiss"]
[EventCountry "IND"]
[SourceTitle "playchess.com"]
[Source "ChessBase"]
[SourceQuality "1"]

{[%evp 17,114,0,0,-5,-13,-12,23,21,26,22,138,42,119,107,125,127,118,93,98,73,108,113,134,112,179,177,328,308,305,315,420,290,330,327,356,348,420,434,428,423,605,595,608,612,683,515,649,483,706,696,778,765,1160,1167,1127,1150,1114,1106,1174,1062,1002,93,316,172,1178,1178,1135,1121,1117,1060,1143,1118,1102,945,1072,955,1343,1311,2300,2177,5636,5219,5560,4479,29989,12847,12847,12847,12846,12845,12845,12845,29996,29997,29997,29998,29998,29999,29999]} 1. Nf3 d5 2. c4 c6 3. e3 Nf6 4. Nc3 g6 5. d4 Bg7 6. Qb3 O-O 7. Bd2 Re8 8. Be2 e6 9. O-O Nbd7 10. Rfd1 {D94: Grünfeld: 4 Nf3 Bg7 5 e3} b6 11. a4 $146 ({Predecessor:} 11. Rac1 Bb7 12. Be1 Qe7 13. a4 Rac8 14. cxd5 exd5 15. a5 Bf8 {1-0 (48) Koustav,C (2429)-Thakur,A (2273) Prague 2019}) 11... Rb8 12. a5 {White has an edge.} bxa5 13. Qa2 Ba6 {[#]} (13... a6 $11) 14. b3 (14. cxd5 $1 $16 Bxe2 15. dxe6 (15. Nxe2 cxd5 16. Bxa5 Qc8 $11)) 14... e5 (14... Bc8 $14) 15. Qxa5 $16 Qxa5 16. Rxa5 Bc8 17. cxd5 cxd5 18. Bb5 {Hoping for Nxe5.} e4 19. Ne5 $1 a6 20. Nxd7 Nxd7 (20... Bxd7 $16 21. Bxd7 (21. Bxa6 Rxb3 22. Nxd5 Nxd5 $14) 21... Nxd7) 21. Ba4 ({Much less strong is} 21. Bxa6 Bxa6 22. Rxa6 Re6 $16) 21... Bf6 $2 (21... Bf8 22. Rxd5 (22. Nxd5 Re6 $16) 22... Rb7) 22. Rxd5 $18 {[%cal Ba5d5,Bd5d6,Bd6c6][%mdl 32]} Re7 23. Rd6 Rb6 24. Rc6 Bb7 25. Rc7 Nf8 26. Rc4 Ne6 27. d5 Nc7 28. Nxe4 Bxd5 (28... Nxd5 $142 29. Nxf6+ Nxf6) 29. Nxf6+ Rxf6 30. Bc3 Rf5 31. Rc5 h5 32. h4 {Threatens to win with e4!} g5 {[#]} (32... Kh7 $142 33. b4 Kh6) 33. hxg5 {Played: e3-e4} 1-0

[Event "Bhopal GM Open 2019"]
[Site "Bhopal"]
[Date "2019.12.21"]
[Round "1.10"]
[White "Nirnay Garg"]
[Black "Nguyen, Van Huy"]
[Result "0-1"]
[WhiteElo "1569"]
[BlackElo "2457"]
[Annotator "RC"]
[PlyCount "64"]
[EventDate "2019.12.21"]
[EventType "swiss"]
[EventCountry "IND"]
[SourceTitle "playchess.com"]
[Source "ChessBase"]
[SourceQuality "1"]
[TimeControl "5400+30"]

1. d4 {[%emt 0:00:00]} Nf6 {[%emt 0:00:02]} 2. Bf4 {[%emt 0:00:52]} d5 {[%emt 0:00:41]} 3. e3 {[%emt 0:01:11]} c5 {[%emt 0:00:45]} 4. c3 {[%emt 0:00:21]} Nc6 5. Nd2 {[%emt 0:00:41]} cxd4 {[%emt 0:01:31]} 6. exd4 {[%emt 0:00:19]} Bg4 {[%emt 0:00:28]} 7. Qb3 {[%emt 0:00:59]} Qc8 {[%emt 0:00:31]} 8. Ngf3 {[%emt 0:00:45]} e6 {[%emt 0:00:28]} 9. Bb5 {[%emt 0:04:10]} Nd7 {[%emt 0:05:37]} 10. O-O {[%emt 0:01:06]} Be7 {[%emt 0:00:54]} 11. Rfe1 {[%emt 0:00:57]} O-O {[%emt 0:01:30]} 12. Bd3 {[%emt 0:04:48]} Bh5 {[%emt 0:01:09]} 13. h3 {[%emt 0:04:27]} Bg6 {[%emt 0:01:56]} 14. Bxg6 {[%emt 0:02:48]} hxg6 {[%emt 0:00:17]} 15. Rac1 {[%emt 0:04:33]} Nb6 {[%emt 0:12:09]} 16. Ne5 {[%emt 0:03:00]} Nxe5 {[%emt 0:02:18]} 17. Bxe5 {[%emt 0:00:21]} Bg5 {[%emt 0:01:53]} 18. Rc2 {[%emt 0:02:01]} Bxd2 {[%emt 0:01:03]} 19. Rxd2 {[%emt 0:00:08]} Qc4 {[%emt 0:00:42]} 20. Bd6 {[%emt 0:01:58]} Rfc8 {[%emt 0:02:28]} 21. Bc5 {[%emt 0:03:58]} Qxb3 {[%emt 0:01:09]} 22. axb3 {[%emt 0:00:05]} Nd7 {[%emt 0:00:39]} 23. Be7 {[%emt 0:02:48]} a5 {[%emt 0:01:45]} 24. Ra1 {[%emt 0:02:07]} f6 {[%emt 0:02:08]} 25. Re1 {[%emt 0:01:26]} Kf7 {[%emt 0:01:12]} 26. Ba3 Ra6 {[%emt 0:02:36]} 27. Ra1 {[%emt 0:04:47]} Rb6 {[%emt 0:02:51]} 28. b4 {[%emt 0:00:54]} a4 {[%emt 0:00:20]} 29. Rb1 {[%emt 0:02:21]} Ra6 {[%emt 0:02:27]} 30. b3 {[%emt 0:01:39]} Rxc3 {[%emt 0:01:18]} 31. Rdb2 {[%emt 0:03:21]} axb3 {[%emt 0:00:52]} 32. Rxb3 {[%emt 0:00:05]} Rxa3 {[%emt 0:00:11]} 0-1

[Event "Bhopal GM Open 2019"]
[Site "Bhopal"]
[Date "2019.12.22"]
[Round "2.1"]
[White "Gawai Siddhant"]
[Black "Yakubboev, Nodirbek"]
[Result "0-1"]
[WhiteElo "1769"]
[BlackElo "2592"]
[Annotator "TA"]
[PlyCount "62"]
[EventDate "2019.12.21"]
[EventType "swiss"]
[EventCountry "IND"]
[SourceTitle "playchess.com"]
[Source "ChessBase"]
[SourceQuality "1"]

{[%evp 15,62,10,20,31,37,22,41,34,42,36,29,41,42,48,29,39,42,19,120,98,91,95,104,0,0,0,0,-206,-206,-202,-202,-210,-233,-283,-262,-271,-275,-287,-279,-29984,-1510,-29985,-29979,-29988,-29989,-29994,-29995,-29995,-29996]} 1. e4 Nf6 2. e5 Nd5 3. c4 Nb6 4. d4 d6 5. exd6 exd6 6. Nc3 Be7 7. h3 O-O 8. Nf3 Re8 9. Be2 {B03: Alekhine's Defence: Four Pawns Attack} Bf5 (9... Bf6 10. O-O Nc6 11. Be3 Bf5 12. b3 a5 13. Rc1 a4 14. c5 dxc5 15. dxc5 Qxd1 16. Rfxd1 axb3 17. axb3 Bxc3 18. Rxc3 Nc8 {0-1 (86) Inarkiev,E (2694)-Yuffa,D (2527) Sochi 2017}) 10. O-O Bf6 11. Be3 {White is slightly better.} d5 12. c5 Nc4 13. Bxc4 $146 ({Predecessor:} 13. Bc1 b6 14. b3 Na5 15. cxb6 axb6 16. Bf4 {1-0 (46) Vlahovic,S (2133)-Smolovic,M (2294) Belgrade 2018}) 13... dxc4 14. Qa4 Bd3 15. Rfd1 Nc6 16. b3 (16. Rd2 {with more complications.} Ne7 17. b3 Nd5 18. Nxd5 Qxd5 19. Rc1) 16... Nxd4 (16... Bc2 $11) 17. Nxd4 $16 Bxd4 {[#]} 18. Rxd3 $1 {[%mdl 512]} cxd3 19. Bxd4 (19. Qxd4 $16 Qxd4 20. Bxd4) 19... d2 $36 {[%mdl 2048] Black has the initiative.} 20. Be3 Qd3 21. Qc4 $2 (21. Nd1 $1 $11 {and White is okay.}) 21... Rxe3 $19 22. fxe3 Qxe3+ 23. Kh2 {[#]} Qe5+ $1 {[%mdl 1024] Black has strong compensation.} 24. g3 {Rf1 is the strong threat.} Qe1 $1 {[%cal Re1f2]} 25. Qf1 Re8 26. Kg2 Re3 {[%mdl 64] Double Attack} 27. Nd5 $2 (27. Qf2 $19) 27... Qxg3+ {[%mdl 64] Double Attack} 28. Kh1 {[#]} Re1 $1 {[%mdl 512] Black mates.} 29. Ne7+ {[#]} Kf8 $1 {[%mdl 512]} 30. Nf5 Qxh3+ {[%mdl 64] Double Attack, Pin} 31. Kg1 Qxf1+ {Accuracy: White = 54%, Black = 65%.} 0-1